00623nam a2200169Ia 4500008004100000100001700041245013200058245003400190260005900224260000900283300001000292650001800302650001500320856002600335999001900361952007300380170221s9999 xx 000 0 und d aEunseon Kwon aProduct Placement in TV Shows: The Effect of Consumer Socialization Agents on Product Placement Attitude and Purchase Intention cEunseon Kwon, Jong-Hyuok Jung bOnline Journal of Communication and Media Technologies c2013 a3 : 4 xCommunication xMedia Arts uhttp://www.ojcmt.net/ c307268d307268 001040aCLbCLd2017-02-21l0r2017-02-21 00:00:00w2017-02-21yFOJ